Vista normal
Vista MARC
Entrada Personal Name
Número de registros utilizados en: 1
001 - CONTROL NUMBER
- control field: 1650
003 - CONTROL NUMBER IDENTIFIER
- control field: OSt
005 - DATE AND TIME OF LATEST TRANSACTION
- control field: 20111130112754.0
008 - FIXED-LENGTH DATA ELEMENTS
- fixed length control field: 111130|||a|||||| | ||| d
040 ## - CATALOGING SOURCE
- Original cataloging agency: OSt
- Transcribing agency: OSt
100 ## - HEADING--PERSONAL NAME
- Personal name: Cia Blasco, Pedro
670 ## - SOURCE DATA FOUND
- Source citation: Work cat.: (OSt): Aranda Lara, Pedro Coord. 1638, Hipertensiones secundarias en poblaciones especiales (menopausia, embarazo, obesidad y diabetes), 2001